Top 15 dei paesi con decessi Covid-19 - 22 maggio - Statistics

Statistiche generali
  • Questo quiz è stato fatto 5 volte
  • Il punteggio medio è 15 su 21
Statistiche sulle risposte
nazione % Corretto
Brasile
100%
Cina
100%
Francia
100%
Italia
100%
Regno Unito
100%
Stati Uniti
100%
Belgio
80%
Canada
80%
Germania
80%
Irlanda
80%
Messico
80%
Paesi Bassi
80%
Portogallo
80%
Spagna
80%
Perù
40%
Svezia
40%
Svezia
40%
Svizzera
40%
Ecuador
20%
Iran
20%
Turchia
20%
Nessun quiz corrispondente trovato
Distribuzione punteggi
Percentuale di utenti per punteggio
Percentile per numero di risposta
I tuoi punteggi nel tempo
Non hai fatto questo quiz